000 00696nam a22002297a 4500
005 20170124110223.0
010 _aB-115260
020 _c595.00
_a8171679471
035 _aB-115260
037 _bCen Lib/Ret
040 _aDPL
_bEN
082 _a796.350
_bRAJ
100 _aRajesh Kumar
_940217
245 _aWorld cup cricket /
_cby Rajesh Kumar [and] Indra Vikram Singh
260 _aNew Delhi
_bRupa & Co.
_c2002
270 _bNew Delhi
_e110002
_a7/16, ansari road, dariya ganj
300 _a184p.
_c27cm(Hb)
_bill.
650 _aWorld Cup (Cricket)
_940218
650 _aCricket
_940219
700 _aSingh, Indra Vikram
_940216
942 _2ddc
_cEN
_h796.350
_mRAJ
999 _c134255
_d134255